1152 1236 1513 1404 1282 1555 1149 1932 1850 1021 1946 1520 1483 1594 1737 1256 1752 1444 1336 1900 1407 1352 1666 1757 1290 1151 1764 1984 1941 1179 1922 1566 1929 1940 1858 1883 1293 1822 1519 1475 1357 1045 1297 1367 1606 1915 1982 1201 1490 1175 1980 1614 1293 1232 1014 1622 1333 1493 1696 1868 1407 1829 1263 1299 1171 1102 1532 1424 1152 1637 1363 1539 1927 1327 1893 1923 1978 1688 1783 1996 1461 1105 1814 1818 1184 1132 1714 1243 1704 1261 1766 1896 1936 1985 1571 1672 1077 1023 1306 BCNSPRNW ULIB Ver.6.0+V

เปลี่ยนเป็นภาษาไทย

Change to English
 แสดงรายละเอียดบรรณานุกรม
  กลับหน้าหลัก

Brief Record : Get Marc (ISO 2709) : E-mail record : QR code < ปิดหน้าต่าง
LEADER : 00000nam 2200000uu 4500
001    13399108685
003     ULIB
008    110311s2550||||th 000 0 tha d
020    9789747222715
060 04 QZ365^bก351ม 2550
245 00 มะเร็งต่อมลูกหมาก =^bProstate cancer /^cกองบรรณาธิการ,จุฑามาศ แอนเนียน
246 31 Prostate cancer
250    พิมพ์ครั้งที่ 2
260    กรุงเทพฯ :^bใกล้หมอ,^c2550
300    162 หน้า :^bภาพประกอบ ;^c21 ซม.
650  7 ต่อมลูกหมาก, เนื้องอก
700 0  จุฑามาศ แอนเนียน,^eบรรณาธิการ
945    ^p155^l0^i021294
945    ^p155^l0^i021248
945    ^p155^l0^i021247
945    ^p155^l0^i021295
995    ทศพร
999 ^a ใช้งานได้ทุกระบบ
รายการนี้ยังไม่มีแท็ก
คุณยังไม่ได้ล็อกอิน คุณสามารถมีกิจกรรมร่วมกับเว็บไซต์ได้ แต่ต้องล็อกอินก่อน ::
  ล็อกอิน

รายการสื่อสารสนเทศ

ลำดับที่ ประเภท เลขเรียก/บาร์โค้ด สถานที่ สถานะ
- ไม่พบข้อมูล -

รายการใกล้เคียง
    หัวเรื่อง [ต่อมลูกหมาก, เนื้องอก]

BibComment


ยังไม่เคยถูกคอมเมนท์

คอมเมนท์ทรัพยากรรายการนี้
  คอมเมนท์: มะเร็งต่อมลูกหมาก..


 Copyright 2026. Bcnsprnw @Library